Statistics for Agust D Songs Quiz (2024)

Click here to take the quiz!

General Stats

  • This quiz has been taken 155 times
    (102 since last reset)
  • The average score is 20 of 30

Answer Stats

AlbumSong% Correct
Agust D
94%
Daechwita
88%
People
88%
AMYGDALA
80%
D-DayD-Day
80%
Haegeum
80%
People Pt.2 (feat. IU)
80%
Snooze (feat. Ryuichi Sakamoto, WOOSUNG of The Rose)
78%
Burn It
73%
Life Goes On
73%
Tony Montana
73%
Give It to Me
71%
SDL
71%
HUH?! (feat. j-hope)
69%
28
67%
Dear my friend (feat. Kim Jong Wan of NELL)
67%
Polar Night
67%
Strange
65%
Interlude : Set me free
63%
The Last
63%
What do you think?
63%
D-2Moonlight
61%
So Far Away
61%
140503 at Dawn
59%
Honsool
59%
Interlude : Dawn
53%
724148
47%
Agust DIntro : DT sugA (Feat. DJ Friz)
45%
Skit
45%
Interlude_dream, Reality
43%

Score Distribution

Percentile by Number Answered

Percent of People with Each Score

Your Score History

You have not taken this quiz since the last reset